[Event "Brno /Olexa/"]
[Site "?"]
[Date "2014.12.28"]
[Round "5"]
[White "Glacner, Karel"]
[Black "Brda, Vlastimil"]
[Result "1-0"]
[WhiteElo "1543"]
[BlackElo "1347"]
[PlyCount "205"]
[EventDate "2014.??.??"]

1. g3 Nf6 2. Bg2 e6 3. c4 c6 4. e4 d5 5. e5 Nfd7 6. cxd5 cxd5 7. d4 Be7 8. Nf3
Nc6 9. Nc3 Bb4 10. a3 Bxc3+ 11. bxc3 Nb6 12. Bg5 Qc7 13. Nd2 Na5 14. Qc2 Nac4
15. Nf3 Bd7 16. Bd2 Ba4 17. Qc1 Nc8 18. O-O Ne7 19. Re1 h6 20. Rb1 a5 21. Bf1
b5 22. g4 Ng6 23. Be3 Qe7 24. Bxc4 bxc4 25. Rb6 Bb3 26. g5 h5 27. Nd2 a4 28.
Nf3 h4 29. h3 Qc7 30. Rb4 Ne7 31. Rb5 Rb8 32. Rxb8+ Qxb8 33. Re2 g6 34. Nh2 Nc6
35. Ng4 Na7 36. Nf6+ Ke7 37. f4 Qf8 38. Qb2 Nb5 39. Bc1 Qb8 40. Kg2 Qb6 41. Qd2
Qa5 42. Bb2 Qd8 43. Ng4 Kf8 44. Nh6 Qe7 45. Qc1 Nc7 46. Re1 Ne8 47. Qe3 Ng7 48.
Kh2 Bc2 49. Qf2 Be4 50. Ng4 Nf5 51. Nf6 Ng3 52. Qd2 Bd3 53. Qd1 Qb7 54. Qa1 Ne2
55. Rf1 Qb3 56. Nd7+ Kg7 57. Nc5 Qc2 58. Rf2 Qd2 59. Nxa4 Qe3 60. Rg2 Qxf4+ 61.
Kh1 Be4 62. Qe1 Qxg5 63. Qxe2 Bxg2+ 64. Qxg2 Qf5 65. Bc1 Qd3 66. Qg5 Qf3+ 67.
Kh2 Qg3+ 68. Qxg3 hxg3+ 69. Kxg3 Rh5 70. Kg4 Rf5 71. Bg5 Rf1 72. Be7 Rg1+ 73.
Kh4 Kh6 74. Bf8+ Kh7 75. Nb6 g5+ 76. Kh5 Rg3 77. Bb4 Rxh3+ 78. Kxg5 Rg3+ 79.
Kf6 Rf3+ 80. Ke7 Kg6 81. Nd7 Rh3 82. a4 Rh8 83. Nc5 Ra8 84. a5 Ra7+ 85. Kd6 Kf5
86. Nd7 Kg6 87. Kc6 Kf5 88. Nf6 Kg6 89. Kb6 Ra8 90. Kb7 Rh8 91. a6 Rh1 92. a7
Ra1 93. Nd7 Kf5 94. Nc5 Rxa7+ 95. Kxa7 f6 96. exf6 Kxf6 97. Nd7+ Kf5 98. Kb6
Kg6 99. Kc6 Kf7 100. Ne5+ Kf6 101. Kd7 Kf5 102. Ke7 Ke4 103. Kxe6 1-0

[Event "Brno /Olexa/"]
[Site "?"]
[Date "2014.12.29"]
[Round "6"]
[White "Skola, Miroslav"]
[Black "Turza, Pavel"]
[Result "1-0"]
[WhiteElo "2166"]
[BlackElo "1777"]
[PlyCount "161"]
[EventDate "2014.??.??"]

1. e4 e5 2. Nf3 Nc6 3. Bb5 a6 4. Ba4 Bc5 5. c3 Qe7 6. O-O Ba7 7. d4 f6 8. Re1
Kf8 9. Be3 d6 10. Bxc6 bxc6 11. dxe5 fxe5 12. Bxa7 Rxa7 13. c4 Nf6 14. Qd3 g6
15. Nc3 Kg7 16. Rad1 Ra8 17. Rd2 Rd8 18. Red1 Bb7 19. Qe3 c5 20. h3 Bc6 21. Rd3
Rh8 22. Re1 Nh5 23. Qg5 Qxg5 24. Nxg5 Rhe8 25. g3 Re7 26. Kg2 h6 27. Nf3 Kh7
28. Nh4 Rf7 29. Rf3 Raf8 30. Rxf7+ Rxf7 31. Re3 Ng7 32. Rf3 Rxf3 33. Nxf3 Ne6
34. Kf1 Nd4 35. Nd2 Kg7 36. f3 Kf6 37. Kf2 Ke6 38. Nf1 Bb7 39. Ne3 c6 40. h4 h5
41. g4 Kf6 42. Nf1 g5 43. hxg5+ Kxg5 44. gxh5 Kxh5 45. Kg3 Kg5 46. Ne3 Bc8 47.
Ng2 Ne6 48. Ne2 Nd4 49. f4+ exf4+ 50. Nexf4 Bg4 51. Ne3 Ne2+ 52. Nxe2 Bxe2 53.
a3 Bh5 54. Nf5 d5 55. cxd5 cxd5 56. Nd6 d4 57. Nc4 Be2 58. Nd2 c4 59. Kf2 c3
60. bxc3 dxc3 61. Kxe2 Kf4 62. Nb3 Kxe4 63. Kd1 Kd3 64. Nc1+ Kc4 65. Kc2 Kc5
66. Kxc3 Kb5 67. Kb3 a5 68. a4+ Kc5 69. Kc3 Kb6 70. Kc4 Kc6 71. Nb3 Kb6 72. Kd5
Ka6 73. Kc5 Ka7 74. Kb5 Kb7 75. Nxa5+ Ka7 76. Nc6+ Kb7 77. a5 Ka8 78. Nb4 Kb7
79. Nd5 Ka7 80. a6 Kb8 81. Kb6 1-0

[Event "Brno /Olexa/"]
[Site "?"]
[Date "2014.12.29"]
[Round "6"]
[White "Snorek, Milan"]
[Black "Borovicka, Bohumil"]
[Result "1-0"]
[WhiteElo "2105"]
[BlackElo "2007"]
[PlyCount "91"]
[EventDate "2014.??.??"]

1. d4 d5 2. Nf3 Bf5 3. c4 e6 4. cxd5 exd5 5. Nc3 c6 6. Bf4 Bd6 7. Bxd6 Qxd6 8.
Qb3 Qc7 9. Rc1 Qb6 10. Qxb6 axb6 11. Nh4 Ne7 12. Nxd5 Nxd5 13. Nxf5 g6 14. e4
Nf6 15. Nd6+ Ke7 16. e5 Ne8 17. Bc4 Nxd6 18. exd6+ Kxd6 19. Bxf7 Rf8 20. Bb3
Rf4 21. Rd1 Re4+ 22. Kf1 Na6 23. f3 Re7 24. Re1 Nb4 25. Rxe7 Kxe7 26. Kf2 Nd3+
27. Kg3 Nxb2 28. Re1+ Kd7 29. Re4 Nd3 30. Rh4 Rh8 31. Bc2 Nc1 32. a3 Ke6 33.
Re4+ Kd6 34. Rh4 Ke6 35. Kf2 Kf6 36. Rf4+ Kg7 37. Re4 Kf6 38. Re1 Na2 39. Bb3
Nc3 40. Re6+ Kg5 41. Re7 Nb5 42. Ke3 Rd8 43. f4+ Kh6 44. g4 Nxd4 45. g5+ Kh5
46. Bd1+ 1-0

[Event "Brno /Olexa/"]
[Site "?"]
[Date "2014.12.29"]
[Round "6"]
[White "Martisek, Karel"]
[Black "Straka, Vojtech"]
[Result "0-1"]
[WhiteElo "1884"]
[BlackElo "1717"]
[PlyCount "98"]
[EventDate "2014.??.??"]

1. e4 e5 2. Nf3 Nc6 3. d4 exd4 4. Nxd4 Qh4 5. Qd3 Bc5 6. g3 Qf6 7. Nf5 g6 8.
Ne3 Ne5 9. Qe2 Nf3+ 10. Kd1 Qd4+ 11. Qd3 Nf6 12. Qxd4 Nxd4 13. Bg2 Nc6 14. c3
O-O {(R)} 15. f3 d6 16. Re1 Ne5 17. Kc2 Be6 18. b3 a5 19. Na3 c6 20. Nac4 Nxc4
21. Nxc4 Bxc4 22. bxc4 Nd7 23. f4 Rfe8 24. Rb1 Rab8 25. Bd2 Nb6 {(R)} 26. Kd3
Nd7 27. Be3 Bxe3 28. Rxe3 Nc5+ 29. Kc2 Re6 30. Rbe1 Rbe8 31. h4 f5 32. e5 dxe5
33. Rxe5 Rxe5 34. fxe5 Nd7 35. e6 Nc5 36. e7 Nd7 37. h5 Kf7 38. hxg6+ hxg6 39.
g4 Rxe7 40. Rxe7+ Kxe7 41. gxf5 gxf5 42. Kd3 Kf6 43. Kd4 Kg5 44. Ke3 f4+ 45.
Ke4 Kg4 46. Bf3+ Kg3 47. Be2 Nc5+ 48. Kd4 Na4 49. Bf1 f3 0-1

[Event "Brno /Olexa/"]
[Site "?"]
[Date "2014.12.29"]
[Round "6"]
[White "Spodny, Josef"]
[Black "Kopkan, Pavel"]
[Result "1-0"]
[WhiteElo "1981"]
[BlackElo "1891"]
[PlyCount "61"]
[EventDate "2014.??.??"]

1. e4 d5 2. exd5 Nf6 3. d4 Bg4 4. Be2 Bxe2 5. Qxe2 Qxd5 6. Nf3 e6 7. O-O Nc6 8.
Nc3 Qh5 9. Bf4 O-O-O 10. Rad1 Nd5 11. Nxd5 Rxd5 12. c4 Rf5 13. Bg3 g5 14. d5
Nd8 15. Qe3 exd5 16. Qxa7 Bg7 17. Nd4 Rf4 18. Bxf4 gxf4 19. Nf5 c6 20. Nxg7 Qg4
21. f3 Qxg7 22. cxd5 cxd5 23. Qd4 Qxd4+ 24. Rxd4 Ne6 25. Rxd5 Rg8 26. Rc1+ Kb8
27. Rd7 Rg7 28. Re1 Nc5 29. Rde7 Nd3 30. Rd1 Nb4 31. Rdd7 1-0

[Event "Brno /Olexa/"]
[Site "?"]
[Date "2014.12.29"]
[Round "6"]
[White "Pelikan, Jaromir"]
[Black "Vavrousek, Petr"]
[Result "1-0"]
[WhiteElo "1878"]
[BlackElo "1716"]
[PlyCount "49"]
[EventDate "2014.??.??"]

1. d4 d5 2. Nf3 Nf6 3. c4 c6 4. g3 a6 5. Bg2 dxc4 6. a4 Nbd7 7. O-O e6 8. Nbd2
Bd6 9. e4 Bc7 10. Nxc4 O-O 11. Nfe5 b5 12. Nxc6 Qe8 13. axb5 Bb7 14. N4e5 axb5
15. Rxa8 Qxa8 16. Nxd7 Nxd7 17. d5 Bxc6 18. dxc6 Ne5 19. Bf4 Qxc6 20. Qh5 Nd3
21. Bxc7 Qxc7 22. Qxb5 Qc2 23. b3 Rc8 24. e5 Rc5 25. Qe8# 1-0

[Event "Brno /Olexa/"]
[Site "?"]
[Date "2014.12.29"]
[Round "6"]
[White "Pesl, Jan"]
[Black "Hala, Pavel"]
[Result "1-0"]
[WhiteElo "1817"]
[BlackElo "1703"]
[PlyCount "79"]
[EventDate "2014.??.??"]

1. e4 g6 2. d4 Bg7 3. Nf3 d6 4. h3 b6 5. c4 Bb7 6. Nc3 Nd7 7. Be3 e6 8. Be2 Ne7
9. O-O a6 10. Rc1 c5 11. Qd2 h6 12. Rfd1 Qc7 13. dxc5 dxc5 14. Bf4 e5 15. Bh2
O-O-O 16. Nd5 Qd6 17. Qc2 Nxd5 18. cxd5 g5 19. Nd4 Kb8 20. Nf5 Qf6 21. Qa4 Ka7
22. Rc3 Bf8 23. Bb5 Nb8 24. Rf3 Bd6 25. Nxd6 Qxd6 26. Rxf7 Rhf8 27. Rxf8 Rxf8
28. Rd3 a5 29. Qd1 Bc8 30. Rf3 Rf6 31. Rxf6 Qxf6 32. d6 Bd7 33. Bxd7 Nxd7 34.
Qd5 Kb8 35. Qc6 Qe6 36. f3 h5 37. Qc7+ Ka8 38. Kh1 g4 39. Qd8+ Kb7 40. Qe7 1-0

[Event "Brno /Olexa/"]
[Site "?"]
[Date "2014.12.29"]
[Round "6"]
[White "Krajicek, Filip"]
[Black "Hrdlicka, Vladan"]
[Result "0-1"]
[WhiteElo "1646"]
[BlackElo "1797"]
[PlyCount "76"]
[EventDate "2014.??.??"]

1. d4 Nf6 2. Nf3 d5 3. Bf4 c6 4. e3 Bg4 5. Nbd2 e6 6. Bd3 Nbd7 7. c3 c5 8. O-O
Be7 9. Re1 Nh5 10. Bg3 Nxg3 11. hxg3 Bh5 12. Qb1 Bg6 13. Bxg6 hxg6 14. b4 cxd4
15. cxd4 g5 16. a3 Bf6 17. Nb3 g4 18. Nh2 Bg5 19. Nc5 Nf6 20. Nxb7 Qb6 21. Nc5
Qd6 22. Qc2 Nh5 23. Qa4+ Kf8 24. Qd7 Qb8 25. Qc6 Kg8 26. Nd7 Qe8 27. Ne5 Qf8
28. Nhxg4 Rc8 29. Qa6 Nf6 30. Nxf6+ gxf6 31. Nf3 Rc4 32. Nxg5 fxg5 33. f3 Qh6
34. Kf2 g4 35. f4 Qg6 36. Qxa7 Rc2+ 37. Kg1 Rxg2+ 38. Kf1 Rh1+ 0-1

[Event "Brno /Olexa/"]
[Site "?"]
[Date "2014.12.29"]
[Round "6"]
[White "Brhlik, Antonin"]
[Black "Divis, Jan"]
[Result "1-0"]
[WhiteElo "1747"]
[BlackElo "1687"]
[PlyCount "81"]
[EventDate "2014.??.??"]

1. e4 d5 2. exd5 Qxd5 3. Nc3 Qa5 4. d4 Nf6 5. Nf3 c6 6. Bd2 Bg4 7. h3 Bxf3 8.
Qxf3 e6 9. Bc4 Qc7 10. O-O-O Bb4 11. Rhe1 O-O 12. Kb1 Bxc3 13. Bxc3 Nd5 14. Bd2
b5 15. Bd3 a5 16. c3 Nd7 {(R)} 17. g4 g6 18. h4 e5 19. Bh6 Rfe8 20. h5 Nf4 21.
Be4 Nd5 22. Bxd5 cxd5 23. dxe5 Rxe5 24. Bf4 Rae8 25. Bxe5 Nxe5 26. Qxd5 gxh5
27. f4 hxg4 28. Rxe5 Kf8 29. Rxe8+ Kxe8 30. Qe5+ Qxe5 31. fxe5 Ke7 32. Rh1 Ke6
33. Rxh7 Kxe5 34. Rxf7 Ke4 35. Kc2 Ke3 36. Kd1 g3 37. Ke1 g2 38. Rg7 Kf3 39. b3
a4 40. bxa4 bxa4 41. c4 1-0

[Event "Brno /Olexa/"]
[Site "?"]
[Date "2014.12.29"]
[Round "6"]
[White "Kandalec, Stefan"]
[Black "Zikan, Karel"]
[Result "0-1"]
[WhiteElo "1722"]
[BlackElo "1743"]
[PlyCount "81"]
[EventDate "2014.??.??"]

1. e4 c6 2. d4 d5 3. exd5 cxd5 4. Bd3 Nf6 5. Nf3 Bg4 6. O-O e6 7. Be3 Nc6 8. c3
Be7 9. Nbd2 O-O 10. Qa4 Qc7 11. Rac1 a6 12. b4 Bh5 13. a3 Bg6 14. Bxg6 hxg6 15.
h3 b5 16. Qc2 Nd7 17. Qd3 Nb6 18. h4 Bd6 19. Qe2 Ne7 20. g4 Rfc8 21. Qd1 Bf4
22. Kg2 f6 23. Ng1 Kf7 24. Nh3 Bxe3 25. fxe3 Rh8 26. Ng5+ Kg8 27. Nxe6 Qd6 28.
Nf4 Rxh4 29. Qf3 g5 30. Qg3 Qd7 31. Kf3 Kf7 32. Rh1 Rah8 33. Rxh4 Rxh4 34. Ng2
Rh8 35. Rf1 Qc8 36. Rc1 Qe6 37. Re1 Nc4 38. Nxc4 Qe4+ 39. Ke2 dxc4 40. Rd1 Nd5
41. Kf2 0-1

[Event "Brno /Olexa/"]
[Site "?"]
[Date "2014.12.29"]
[Round "6"]
[White "Doskar, Miloslav"]
[Black "Skvir, Ivo"]
[Result "0-1"]
[WhiteElo "1725"]
[BlackElo "1520"]
[PlyCount "104"]
[EventDate "2014.??.??"]

1. d4 Nf6 2. c4 c5 3. Nf3 d6 4. Nc3 Bf5 5. Bg5 Nc6 6. Bxf6 gxf6 7. e4 Bg4 8.
Be2 Rg8 9. d5 Bxf3 10. Bxf3 Nd4 11. O-O Bh6 12. g3 Qd7 13. Bg2 O-O-O 14. Ne2 e5
15. dxe6 Nxe6 16. a3 Bg5 17. b4 h5 18. h4 Bxh4 19. gxh4 Rxg2+ 20. Kxg2 Rg8+ 21.
Kh2 Rg4 22. Rg1 Rxh4+ 23. Kg2 Ng5 24. Qd3 Nxe4 25. Kf1 Qf5 26. Qe3 Rh2 27. Rg8+
Kd7 28. Rg2 Rh1+ 29. Ng1 b6 30. Re1 Rh4 31. bxc5 bxc5 32. Re2 Qe5 33. Re1 Qb2
34. Nf3 Rh1+ 35. Rg1 Rh3 36. Kg2 Rg3+ 37. Kf1 Rxf3 38. Qxf3 Nd2+ 39. Kg2 Nxf3
40. Kxf3 Qxa3+ 41. Kg2 f5 42. Ra1 Qd3 43. Rxa7+ Ke6 44. Rh1 Qxc4 45. Re1+ Kf6
46. Rd7 Qd5+ 47. Kg1 f4 48. Kh2 Qd2 49. Rf1 f3 50. Kg3 h4+ 51. Kxf3 Qd3+ 52.
Kg2 h3+ 0-1

[Event "Brno /Olexa/"]
[Site "?"]
[Date "2014.12.29"]
[Round "6"]
[White "Sojka, Oldrich"]
[Black "Kosina, Vladimir"]
[Result "0-1"]
[WhiteElo "1609"]
[BlackElo "1763"]
[PlyCount "36"]
[EventDate "2014.??.??"]

1. e4 e5 2. Bc4 Bc5 3. Nf3 Nc6 4. a3 d6 5. h3 Nf6 6. Nc3 O-O 7. d3 Be6 8. Bxe6
fxe6 9. Bg5 Qd7 10. Qd2 d5 11. exd5 exd5 12. O-O-O a6 13. Rde1 Rae8 14. Na2 d4
15. Re2 Qf7 16. Rhe1 Qxa2 17. c3 Na5 18. Qd1 Bxa3 0-1

[Event "Brno /Olexa/"]
[Site "?"]
[Date "2014.12.29"]
[Round "6"]
[White "Brda, Vlastimil"]
[Black "Koci, Milos"]
[Result "0-1"]
[WhiteElo "1347"]
[BlackElo "1130"]
[PlyCount "148"]
[EventDate "2014.??.??"]

1. e4 c5 2. Bc4 e6 3. a4 a6 4. Nc3 Qc7 5. Nge2 Nc6 6. d3 Nf6 7. Bf4 Bd6 8. Bxd6
Qxd6 9. Ng3 O-O 10. Nh5 Nxh5 11. Qxh5 g6 12. Qh6 b6 13. O-O Bb7 14. Rae1 Ne5
15. Rd1 Nxc4 16. dxc4 Qe7 17. e5 Rad8 18. Rd3 d6 19. Rh3 f6 20. exd6 Rxd6 21.
Nb1 Rfd8 22. Rb3 Rd1 23. Nc3 R1d6 24. a5 bxa5 25. Ra3 Qc7 26. Raa1 Qc6 27. Qh3
Qc7 28. Rfe1 f5 29. Qg3 Qb6 30. Na4 Qc6 31. b3 Rd2 32. Qg5 R2d6 33. h4 Kg7 34.
Qe7+ Kg8 35. Qg5 Kg7 36. Nc3 h6 37. Qg3 Rd4 38. f3 h5 39. Qe5+ Kh7 40. Qg3 Rd2
41. Qg5 R2d4 42. Rxa5 Re8 43. Na4 Rg4 44. Qe3 Qxf3 45. Qxf3 Bxf3 46. Nxc5 Rxg2+
47. Kf1 Rxc2 48. Rxa6 e5 49. Ra7+ Kh8 50. Nd3 Rd2 51. Nf2 e4 52. b4 e3 53. b5
Rxf2+ 54. Kg1 Rg2+ 55. Kf1 e2+ 56. Rxe2 Rgxe2 57. c5 Re1+ 58. Kf2 Bd5 59. c6
Rc1 60. Rd7 Bxc6 61. bxc6 Rxc6 62. Kg3 Rc4 63. Rd3 Rec8 64. Rd2 Rg4+ 65. Kh3
Rc3+ 66. Kh2 Rxh4+ 67. Kg2 f4 68. Rd7 Rg3+ 69. Kf2 Rh2+ 70. Kf1 Ra2 71. Rd1 f3
72. Rc1 h4 73. Rc4 h3 74. Rh4+ Kg7 0-1

[Event "Brno /Olexa/"]
[Site "?"]
[Date "2014.12.30"]
[Round "7"]
[White "Straka, Vojtech"]
[Black "Skola, Miroslav"]
[Result "1/2-1/2"]
[WhiteElo "1717"]
[BlackElo "2166"]
[PlyCount "93"]
[EventDate "2014.??.??"]

1. e4 e6 2. d4 b6 3. Nc3 Bb7 4. a3 Nf6 5. Bd3 d6 6. Nf3 Be7 7. O-O a6 8. h3 c5
9. Be3 c4 10. Bxc4 Nxe4 11. Nxe4 Bxe4 12. Nd2 Bb7 13. Bd3 Nd7 14. Be4 Bxe4 15.
Nxe4 d5 16. Ng3 O-O 17. c3 b5 18. Qe2 Nb6 19. Rfb1 Qc7 20. Nf1 Rfb8 21. Nd2 Rb7
22. Nb3 Nc4 23. f4 g6 24. Nc5 Rb6 25. b4 a5 26. Rf1 Ra7 27. Kh1 Rb8 28. Kg1
Rba8 29. Bc1 axb4 30. cxb4 Bf6 31. Qd3 Qc6 32. Rf3 Bg7 33. Re3 Nxe3 34. Qxe3
Re8 35. Bb2 f6 36. Re1 Rae7 37. Kh1 e5 38. fxe5 fxe5 39. dxe5 Bxe5 40. Bxe5
Rxe5 41. Qxe5 Rxe5 42. Rxe5 d4 43. Re7 Qd5 44. Rd7 Qc4 45. Kh2 h5 46. Ne4 d3
47. Nf6+ 1/2-1/2

[Event "Brno /Olexa/"]
[Site "?"]
[Date "2014.12.30"]
[Round "7"]
[White "Borovicka, Bohumil"]
[Black "Pesl, Jan"]
[Result "1/2-1/2"]
[WhiteElo "2007"]
[BlackElo "1817"]
[PlyCount "34"]
[EventDate "2014.??.??"]

1. d4 Nf6 2. Bf4 g6 3. e3 Bg7 4. Nf3 d6 5. Be2 O-O 6. h3 b6 7. O-O Bb7 8. a4 a6
9. c3 Nbd7 10. b4 Re8 11. Qb3 e5 12. Bh2 e4 13. Nfd2 Qe7 14. c4 c5 15. dxc5
dxc5 16. bxc5 Nxc5 17. Qa3 Rad8 {(R)} 1/2-1/2

[Event "Brno /Olexa/"]
[Site "?"]
[Date "2014.12.30"]
[Round "7"]
[White "Turza, Pavel"]
[Black "Martisek, Karel"]
[Result "0-1"]
[WhiteElo "1777"]
[BlackElo "1884"]
[PlyCount "114"]
[EventDate "2014.??.??"]

1. Nf3 d5 2. d4 Nf6 3. c3 e6 4. Bg5 Be7 5. e3 Nbd7 6. Bd3 c5 7. Nbd2 O-O 8. h4
cxd4 9. exd4 h6 10. Bf4 a6 11. Ne5 Nxe5 12. Bxe5 Bd6 13. g4 Bxe5 14. dxe5 Nd7
15. Nf3 Qc7 16. Qe2 Nc5 17. Bc2 Bd7 18. g5 Ne4 19. gxh6 g6 20. Rg1 Nxc3 21. Qe3
Ne4 22. Nd4 Qa5+ 23. Kd1 Ba4 24. b3 Bc6 25. Nxc6 bxc6 26. h5 Nc3+ 27. Kc1 d4
28. Qd3 Ra7 29. a3 Qxe5 30. hxg6 f5 31. Kb2 Qf6 {Diagram #} 32. Rae1 e5 33.
Qc4+ Nd5 34. Ka2 Re8 35. Rh1 Kh8 36. Reg1 e4 37. Qc5 Rae7 38. g7+ Kh7 39. b4 d3
40. Bd1 Nc3+ 41. Kb3 Nxd1 42. Rxd1 Qe6+ 43. Kb2 Rg8 44. Qc3 a5 45. Qb3 Qe5+ 46.
Qc3 Qd5 47. Rd2 e3 48. Rxd3 Qxh1 49. fxe3 Qg2+ 50. Kb3 Qe4 51. Qc2 Qe6+ 52. Kb2
axb4 53. axb4 Ra7 54. Rb3 Kxh6 55. e4 Qf6+ 56. Kc1 Ra1+ 57. Kd2 Qg5+ 0-1

[Event "Brno /Olexa/"]
[Site "?"]
[Date "2014.12.30"]
[Round "7"]
[White "Hrdlicka, Vladan"]
[Black "Pelikan, Jaromir"]
[Result "1-0"]
[WhiteElo "1797"]
[BlackElo "1878"]
[PlyCount "46"]
[EventDate "2014.??.??"]

1. e4 c6 2. d4 d5 3. Nc3 dxe4 4. Nxe4 Nd7 5. Ng5 Ngf6 6. Bd3 e6 7. N1f3 h6 8.
Nh3 g5 9. Ne5 Nxe5 10. dxe5 Qa5+ 11. c3 Qxe5+ 12. Be3 Nd5 13. O-O Nxe3 14. fxe3
Qxe3+ 15. Kh1 Bd7 16. Rf3 Qb6 17. Rxf7 O-O-O 18. Qe2 Bd6 19. Bc4 Kb8 20. Rd1
Be8 21. Rf6 Bc7 22. Rxd8+ Bxd8 23. Rxe6 Bf7 1-0

[Event "Brno /Olexa/"]
[Site "?"]
[Date "2014.12.30"]
[Round "7"]
[White "Skvir, Ivo"]
[Black "Brhlik, Antonin"]
[Result "0-1"]
[WhiteElo "1520"]
[BlackElo "1747"]
[PlyCount "138"]
[EventDate "2014.??.??"]

1. e4 c5 2. Nf3 Nc6 3. d4 cxd4 4. Nxd4 Nf6 5. Nc3 e5 6. Nb3 Bb4 7. Bg5 h6 8.
Bh4 g5 9. a3 Bxc3+ 10. bxc3 gxh4 11. f3 Qe7 12. Bc4 d6 13. Qe2 a6 14. a4 Be6
15. Bd3 Nh5 16. Qf2 Nf4 17. Bf1 Rc8 18. g3 Ng6 19. O-O-O f5 20. Bd3 f4 21. g4
Qc7 22. Kd2 Na5 23. Nxa5 Qxa5 24. Ke2 Qc5 25. Rb1 Qxf2+ 26. Kxf2 Rh7 27. Rb6
Rc6 28. Rhb1 Rxb6 29. Rxb6 Rd7 30. c4 Ke7 31. Ke2 Kd8 32. c5 Kc7 33. a5 Bf7 34.
c6 bxc6 35. Rxa6 Kb7 36. Rb6+ Ka7 37. Rxc6 Ne7 38. Ra6+ Kb8 39. Rb6+ Ka8 40.
Bb5 Rd8 41. Ra6+ Kb7 42. Rb6+ Kc7 43. Ra6 Rb8 44. c4 Rb7 45. Ra8 Nc8 46. Ra6
Na7 47. Kd3 Nxb5 48. cxb5 Rxb5 49. Ra7+ Rb7 50. Ra8 Rb3+ 51. Kd2 Rb8 52. Ra7+
Rb7 53. Ra8 Rb2+ 54. Kc1 Rb8 55. Ra7+ Rb7 56. Ra8 Bc4 57. Rh8 Be2 58. Rh7+ Kc6
59. Rxh6 Bxf3 60. g5 Bxe4 61. Rxh4 Rg7 62. Rg4 d5 63. h4 Bf3 64. Rg1 Bh5 65.
Kd2 e4 66. Rb1 Rb7 67. Rc1+ Kd6 68. Rc8 e3+ 69. Kc1 Rc7+ 0-1

[Event "Brno /Olexa/"]
[Site "?"]
[Date "2014.12.30"]
[Round "7"]
[White "Kopkan, Pavel"]
[Black "Zikan, Karel"]
[Result "1/2-1/2"]
[WhiteElo "1891"]
[BlackElo "1743"]
[PlyCount "147"]
[EventDate "2014.??.??"]

1. e4 c6 2. c4 d5 3. exd5 cxd5 4. d4 Nf6 5. Nc3 Nc6 6. Nf3 Bg4 7. cxd5 Nxd5 8.
Bc4 e6 9. O-O Nxc3 10. bxc3 Be7 11. h3 Bh5 12. Re1 O-O 13. g4 Bg6 14. Ne5 Nxe5
15. Rxe5 Rc8 16. Qb3 Bf6 17. Rb5 b6 18. Bf4 Bc2 19. Qxc2 Rxc4 20. Qd3 Qc8 21.
Rc1 Bxd4 22. cxd4 Rxc1+ 23. Bxc1 Qxc1+ 24. Kg2 g6 25. d5 exd5 26. Rxd5 Qc6 27.
f3 Rc8 28. Rd8+ Rxd8 29. Qxd8+ Kg7 30. Qd4+ Qf6 31. Qa4 a5 32. Qb3 h5 33. Qb5
hxg4 34. hxg4 Qd4 35. g5 Qc5 36. Qb2+ Kh7 37. f4 b5 38. Kf3 b4 39. Qb3 Qc6+ 40.
Kf2 Kg7 41. Qb2+ Kg8 42. Qd2 Qc5+ 43. Kf3 a4 44. Qd8+ Kh7 45. Qd7 Qf5 46. Qxa4
Qh3+ 47. Ke4 Qf5+ 48. Ke3 Qc5+ 49. Ke4 Qc4+ 50. Ke5 Qe2+ 51. Kd4 Qd2+ 52. Kc5
Qxf4 53. Qxb4 Qxg5+ 54. Kc4 Qf4+ 55. Kb3 {(R)} Qf3+ 56. Qc3 Qb7+ 57. Qb4 Qd5+
58. Qc4 Qb7+ 59. Kc3 g5 60. a4 f5 61. a5 g4 62. a6 Qa7 63. Qc8 Qe3+ 64. Kb4
Qe4+ 65. Kb5 Qb1+ 66. Ka5 Qa2+ 67. Kb6 Qb3+ 68. Ka7 Qe3+ 69. Ka8 Kg6 70. Qc6+
Kg5 71. a7 Qb3 72. Qb7 Qg8+ 73. Qb8 Qd5+ 74. Qb7 1/2-1/2

[Event "Brno /Olexa/"]
[Site "?"]
[Date "2014.12.30"]
[Round "7"]
[White "Kosina, Vladimir"]
[Black "Glacner, Karel"]
[Result "1-0"]
[WhiteElo "1763"]
[BlackElo "1543"]
[PlyCount "117"]
[EventDate "2014.??.??"]

1. d4 e5 2. Nf3 e4 3. Ne5 d6 4. Nc4 d5 5. Nca3 c6 6. e3 Bd6 7. c4 Nf6 8. Be2
O-O 9. Bd2 Qe7 10. c5 Bc7 11. b4 g6 12. Bc3 h5 13. Nc2 Be6 14. a4 Nbd7 15. Nd2
Ng4 16. Nf1 Kg7 17. h3 Nh6 18. Qd2 Qf6 19. b5 h4 20. a5 cxb5 21. Bxb5 a6 22.
Ba4 Qg5 23. f3 exf3 24. gxf3 Bg3+ 25. Ke2 Nf5 26. Rb1 Bb8 27. Ne1 Ng3+ 28. Nxg3
Qxg3 29. Kd1 Ra7 30. Qg2 Nf6 31. Qxg3 hxg3 32. Ng2 Rh8 33. Nf4 g5 34. Nxe6+
fxe6 35. Rb2 g4 36. fxg4 Nxg4 37. Ke2 Nf2 38. Rg1 Rxh3 39. Bd7 Kf6 40. Rb6 Ne4
41. Rxe6+ Kg5 42. Be1 Rh2+ 43. Kd3 Rh7 44. Be8 Rg7 45. Ba4 Kg4 46. Bd1+ Kf5 47.
Re8 g2 48. Bf3 Bh2 49. Rxg2 Rxg2 50. Bxg2 b6 51. axb6 Rb7 52. Bxe4+ dxe4+ 53.
Rxe4 Bb8 54. Re8 Bh2 55. Ra8 Ke6 56. Rxa6 Kd5 57. e4+ Kc6 58. Kc4 Bb8 59. d5+
1-0

[Event "Brno /Olexa/"]
[Site "?"]
[Date "2014.12.30"]
[Round "7"]
[White "Vavrousek, Petr"]
[Black "Krajicek, Filip"]
[Result "1-0"]
[WhiteElo "1716"]
[BlackElo "1646"]
[PlyCount "61"]
[EventDate "2014.??.??"]

1. e4 g6 2. d4 Bg7 3. c3 d6 4. f4 Nd7 5. Nf3 e6 6. Be3 Ne7 7. Nbd2 f5 8. Ng5
Nb6 9. Qb3 d5 10. e5 h6 11. Ngf3 O-O 12. O-O-O Nc6 13. Be2 Bd7 14. Rdg1 a5 15.
g4 a4 16. Qc2 Ne7 17. Nh4 Kh7 18. gxf5 gxf5 19. Bh5 Be8 20. Be2 Ng6 21. Nhf3
Qe7 22. Rg3 Nh4 23. Nxh4 Qxh4 24. Rhg1 Rg8 25. Nf3 Qe7 26. Rh3 Rh8 27. Bf2 Kg8
28. Bh4 Qd7 29. Bf6 Rh7 30. Rhg3 Kf8 31. Bxg7+ 1-0

[Event "Brno /Olexa/"]
[Site "?"]
[Date "2014.12.30"]
[Round "7"]
[White "Hala, Pavel"]
[Black "Kandalec, Stefan"]
[Result "1-0"]
[WhiteElo "1703"]
[BlackElo "1722"]
[PlyCount "57"]
[EventDate "2014.??.??"]

1. c4 Nf6 2. Nc3 e6 3. e4 d6 4. d3 Be7 5. Nge2 Nbd7 6. b3 Ne5 7. h3 Ng6 8. Bb2
b6 9. g3 h6 10. Bg2 e5 11. Bc1 Bb7 12. Be3 c5 13. a4 O-O 14. O-O Qd7 15. Kh2
Nh7 16. f4 f5 17. Nd5 Bxd5 18. cxd5 fxe4 19. Bxe4 exf4 20. Bxf4 Nxf4 21. Nxf4
Bf6 22. Ra2 Be5 23. Ne6 Rf6 24. Raf2 Nf8 25. Rxf6 Bxf6 26. Bf5 Qb7 27. Be4 a6
28. Qg4 Re8 29. Rxf6 1-0

[Event "Brno /Olexa/"]
[Site "?"]
[Date "2014.12.30"]
[Round "7"]
[White "Divis, Jan"]
[Black "Koci, Milos"]
[Result "1-0"]
[WhiteElo "1687"]
[BlackElo "1130"]
[PlyCount "47"]
[EventDate "2014.??.??"]

1. d4 d5 2. Bf4 Nf6 3. e3 e6 4. Nf3 Nbd7 5. Nbd2 Be7 6. h3 O-O 7. Bd3 h6 8. O-O
a6 9. c4 c6 10. Rc1 b6 11. cxd5 cxd5 12. Ne5 Bb7 13. Nxd7 Qxd7 14. Rc7 Qd8 15.
Rxb7 Bd6 16. Qb3 b5 17. Rc1 Rc8 18. Rxc8 Qxc8 19. Bxd6 Qxb7 20. Bxf8 Kxf8 21.
a4 Qc6 22. Qc3 Qd6 23. axb5 axb5 24. Qc5 1-0

[Event "Brno /Olexa/"]
[Site "?"]
[Date "2014.12.30"]
[Round "7"]
[White "Sojka, Oldrich"]
[Black "Brda, Vlastimil"]
[Result "1-0"]
[WhiteElo "1609"]
[BlackElo "1347"]
[PlyCount "111"]
[EventDate "2014.??.??"]

1. e4 c5 2. Bc4 Nc6 3. a3 e5 4. Nc3 Nf6 5. d3 h6 6. Nf3 Bd6 7. h3 h5 8. Bg5 Qc7
9. Be3 Be7 10. Ng5 d5 11. exd5 Nd4 12. Nxf7 Rf8 13. Ng5 Bd7 14. Nge4 O-O-O 15.
Qd2 Nxe4 16. dxe4 Qb6 17. O-O-O Qd6 18. Qd3 a6 19. Ne2 b5 20. Ba2 Nxe2+ 21.
Qxe2 Kb7 22. Qd2 Ra8 23. f3 Bd8 24. Qf2 Bb6 25. Rd3 g5 26. Qe2 c4 27. Rdd1 Bd8
28. Qd2 Rg8 29. Qf2 g4 30. Bc5 Qh6+ 31. Be3 Bg5 32. Bxg5 Qxg5+ 33. Qd2 Qg6 34.
hxg4 hxg4 35. Rh6 Qg5 36. Rh7 Rad8 37. Qxg5 Rxg5 38. Rdh1 gxf3 39. gxf3 Kc7 40.
Rf7 Rg2 41. Rf1 a5 42. f4 Re2 43. fxe5 Rxe4 44. e6 Kd6 45. exd7 Rxd7 46. R1f6+
Kc7 47. Rc6+ Kd8 48. Rxd7+ Kxd7 49. Rc5 b4 50. axb4 axb4 51. Rxc4 Re1+ 52. Kd2
Ra1 53. Bb3 Rb1 54. Rxb4 Kc7 55. Re4 Kd7 56. Re1 1-0